MARC

LEADER 00000nam0a2200000 4500
001 349672
005 20231102010227.0
035 |a (RuTPU)RU\TPU\retro\2425 
090 |a 349672 
100 |a 20180801d1932 km y0rusy50 ca 
101 0 |a rus 
102 |a RU 
105 |a a z 000zy 
200 1 |a Японские методы ремонта паровозов  |f П. И. Путимов 
210 |a Москва  |a Ленинград  |c ОГИЗ  |c Гострансиздат  |d 1932 
215 |a 96 с.  |c ил. 
225 1 |a Реконструкция железнодорожного транспорта 
316 |5 63413507: КР-5647  |a На тит. л. владельческая подпись: "Бутаков" 
317 |5 63413507: КР-5647  |a Поступила в НТБ в 1970 г. в составе книжного собрания профессора ТПИ И. Н. Бутакова 
606 1 |a Паровозы  |x Расчет и конструкция  |x Эксплуатация  |2 stltpush  |3 (RuTPU)RU\TPU\subj\48169  |9 67046 
610 1 |a ремонт 
610 1 |a ремонтное хозяйство 
610 1 |a зарубежный опыт 
610 1 |a японские методы 
610 1 |a технологические процессы 
610 1 |a библиотека И. Н. Бутакова 
675 |a 629.422  |v 4 
700 1 |a Путимов  |b П. И. 
801 1 |a RU  |b 63413507  |c 20180801 
801 2 |a RU  |b 63413507  |c 20190927  |g RCR 
942 |c BK